000 00915nam a2200229 i 4500
001 157320
003 ES-MaACL
005 20250519152255.0
008 981009s1897 fr af |||| |dfre d
040 _aCCPB | B
_bspa
_cCCPB | B
100 1 _aLavignac, Albert.
_970718
245 1 3 _aLe voyage artistique a Bayreuth /
_cpar Albert Lavignac.
260 _aParis :
_bLibrairie Ch. Delagrave,
_c1897 (
_fSociété Anonyme d'Imp. de Villefranche-Rouergue)
300 _aVI, 584 p., [7] h. pleg. :
_bil. ;
_c19 cm.
530 _aDisponible en formato digital.
599 _aEn port.: Ouvrage contenant de nombreuses figures et 280 exemples en musique.
600 1 4 _aWagner, Richard,
_d1813-1883
_9240522
752 _aFrancia -
_dParís
852 _aES-MaACL
_jF-11148
_z- Enc. hol.
856 _uhttp://bdh-rd.bne.es/viewer.vm?id=0000065020&page=1
_zBiblioteca Digital Hispánica
999 _c157320
_d157320